| 000 | 00708nam a2200169Ia 4500 | ||
|---|---|---|---|
| 003 | GCL | ||
| 008 | 140319s9999 xx 000 0 ara d | ||
| 040 |
_aGCL / _cGCL |
||
| 082 | 0 | 4 |
_a923.2 _bب ع |
| 100 | 1 | _aبلال حسن التل | |
| 245 | 1 | 0 |
_aعبدالحميد شرف: قراءة فى سيرته وتجربته: وقائع الندوة التى نظمها المركز الاردنى للدراسات والمعلومات بالتعاون مع وزارة الثقافة / _cبلال حسن التل |
| 300 | _a267 ص | ||
| 490 |
_aالمركز الاردنى للدراسات والمعلومات _v0 |
||
| 650 | 0 | 4 | _aالعلوم الاجتماعية |
| 650 | 0 | 4 | _aالتراجم |
| 942 |
_2ddc _cBK |
||
| 999 |
_c49728 _d49728 |
||